000 00454nam a2200169Ia 4500
001 73526
008 160622s9999||||xx |||||||||||||| ||und||
020 _a9780199066735
040 _cPK-LaUMT
082 _a 954.035
_bFRO-
100 _aNichols, Robert
245 4 _aThe frontier crimes regulation
_ba history in documents/
_cNichols, Robert
260 _aOxford,USA:
_bOxford University Press,
_c2013
300 _a253 p.
546 _aEN
942 _cBK
999 _c86635
_d86635